| 000 -LEADER |
| fixed length control field |
03362nam a2200277 a 4500 |
| 001 - CONTROL NUMBER |
| control field |
ASIN1845697952 |
| 003 - CONTROL NUMBER IDENTIFIER |
| control field |
Nust- CAS-E0 |
| 005 - DATE AND TIME OF LATEST TRANSACTION |
| control field |
20180118181355.0 |
| 008 - FIXED-LENGTH DATA ELEMENTS--GENERAL INFORMATION |
| fixed length control field |
140226s2011 xxu eng d |
| 020 ## - INTERNATIONAL STANDARD BOOK NUMBER |
| International Standard Book Number |
1845697952 |
| Terms of availability |
$270.00 |
| 020 ## - INTERNATIONAL STANDARD BOOK NUMBER |
| International Standard Book Number |
9781845697952 |
| 040 ## - CATALOGING SOURCE |
| Transcribing agency |
0 |
| 050 04 - LIBRARY OF CONGRESS CALL NUMBER |
| Classification number |
TK1041 |
| 082 04 - DEWEY DECIMAL CLASSIFICATION NUMBER |
| Classification number |
621.199 |
| Author Mark |
SMA 2011 |
| 245 10 - TITLE STATEMENT |
| Title |
Small and micro combined heat and power / |
| Statement of responsibility, etc. |
R Beith. |
| 250 ## - EDITION STATEMENT |
| Edition statement |
1st ed. |
| 260 ## - PUBLICATION, DISTRIBUTION, ETC. |
| Place of publication, distribution, etc. |
[S.l.] : |
| Name of publisher, distributor, etc. |
Woodhead Publishing, |
| Date of publication, distribution, etc. |
2011. |
| 300 ## - PHYSICAL DESCRIPTION |
| Extent |
560 p. ; |
| Dimensions |
24 cm. |
| 490 1# - SERIES STATEMENT |
| Series statement |
Chp) systems: advanced design, performance, materials and applications (woodhead publishing series in energy. |
| 520 ## - SUMMARY, ETC. |
| Summary, etc. |
Small and micro combined heat and power (CHP) systems are a form of cogeneration technology suitable for domestic and community buildings, commercial establishments and industrial facilities, as well as local heat networks. One of the benefits of using cogeneration plant is a vastly improved energy efficiency: in some cases achieving up to 80-90% systems efficiency, whereas small-scale electricity production is typically at well below 40% efficiency, using the same amount of fuel. This higher efficiency affords users greater energy security and increased long-term sustainability of energy resources, while lower overall emissions levels also contribute to an improved environmental performance. Small and micro combined heat and power (CHP) systems provides a systematic and comprehensive review of the technological and practical developments of small and micro CHP systems. Part one opens with reviews of small and micro CHP systems and their techno-economic and performance assessment, as well as their integration into distributed energy systems and their increasing utilisation of biomass fuels. Part two focuses on the development of different types of CHP technology, including internal combustion and reciprocating engines, gas turbines and microturbines, Stirling engines, organic Rankine cycle process and fuel cell systems. Heat-activated cooling (i.e. trigeneration) technologies and energy storage systems, of importance to the regional/seasonal viability of this technology round out this section. Finally, part three covers the range of applications of small and micro CHP systems, from residential buildings and district heating, to commercial buildings and industrial applications, as well as reviewing the market deployment of this important technology. With its distinguished editor and international team of expert contributors, Small and micro combined heat and power (CHP) systems is an essential reference work for anyone involved or interested in the design, development, installation and optimisation of small and micro CHP systems. Reviews small- and micro-CHP systems and their techno-economic and performance assessment Explores integration into distributed energy systems and their increasing utilisation of biomass fuels Focuses on the development of different types of CHP technology, including internal combustion and reciprocating engines. |
| 650 #0 - SUBJECT ADDED ENTRY--TOPICAL TERM |
| Topical term or geographic name entry element |
Cogeneration of electric power and heat |
| 700 1# - ADDED ENTRY--PERSONAL NAME |
| Personal name |
Beith, R. |
| 830 #0 - SERIES ADDED ENTRY--UNIFORM TITLE |
| Uniform title |
Chp) systems: advanced design, performance, materials and applications (woodhead publishing series in energy. |
| 856 40 - ELECTRONIC LOCATION AND ACCESS |
| Materials specified |
Amazon.com |
| Uniform Resource Identifier |
<a href="http://www.amazon.com/exec/obidos/ASIN/1845697952/chopaconline-20">http://www.amazon.com/exec/obidos/ASIN/1845697952/chopaconline-20</a> |
| 942 ## - ADDED ENTRY ELEMENTS (KOHA) |
| Source of classification or shelving scheme |
|
| Koha item type |
Book |